漢字・カタカナ表記で語頭と語尾が同じ駅名 - Statistics

General Stats
  • This quiz has been taken 43 times
  • The average score is 4 of 11
Answer Stats
都道県 駅名 % Correct
東京都 西葛西 3
87%
東京都 西新井大師西 6
60%
鹿児島県 志布志 3
57%
北海道 瀬戸瀬 3
40%
宮崎県 宮崎神宮 4
37%
千葉県 上総村上 4
30%
滋賀県 京阪大津京 5
23%
長崎県 スタジアムシティサウス 11
23%
長崎県 スタジアムシティノース 11
23%
東京都 学芸大学 4
20%
福岡県 田川伊田 4
13%
No matching quizzes found
Score Distribution
Percent of People with Each Score
Percentile by Number Answered
Your Score History
You have not taken this quiz